=LDR 00000nam 2200000 4500 =001 INLIS000000000047254 =005 20150922115704.0 =006 =007 =008 =020 ##$$a 978-979-15565-4-5 =035 ##$$0010-091500000000084 =040 ##$$a Ind =082 ##$$a 610.73 =090 ##$$a 610.73 $b Han d =100 ##$$a Handayaningsih =245 ##$$a Dokumentasi =250 ##$$a cet.2 =260 ##$$a Jogjakarta$b Mitra Cendika $c 2009 =300 ##$$a ix, 163 hlmn $c 20 cm =850 ##$$a NBPDMAT =990 ##$$a 0001/BPAP-NTB/2015